Introductory network theory / (رقم التسجيلة. 180142)

تفاصيل مارك
000 -LEADER
fixed length control field 01112pamaa22003492i 4500
001 - CONTROL NUMBER
control field 4260724
003 - CONTROL NUMBER IDENTIFIER
control field EG-GICUC
005 - DATE AND TIME OF LATEST TRANSACTION
control field 20260514112920.0
008 - FIXED-LENGTH DATA ELEMENTS--GENERAL INFORMATION
fixed length control field 841029s1985 maua jr 001 0 eng
010 ## - LIBRARY OF CONGRESS CONTROL NUMBER
LC control number 84025843
020 ## - INTERNATIONAL STANDARD BOOK NUMBER
International Standard Book Number 0534037712 :
Terms of availability $39.95
020 ## - INTERNATIONAL STANDARD BOOK NUMBER
International Standard Book Number 9780534037710
035 ## - SYSTEM CONTROL NUMBER
System control number 4260724
040 ## - CATALOGING SOURCE
Original cataloging agency DLC
Transcribing agency DLC
Modifying agency DLC
-- EG-GICUC
Language of cataloging eng
Description conventions rda
082 00 - DEWEY DECIMAL CLASSIFICATION NUMBER
Classification number 004.65
Edition number 21
Item number B5686
092 04 - LOCALLY ASSIGNED DEWEY CALL NUMBER (OCLC)
Edition number 21
Classification number 004.65
Item number B5686
099 ## - LOCAL FREE-TEXT CALL NUMBER (OCLC)
Classification number 004.65 B5686
100 1# - MAIN ENTRY--PERSONAL NAME
Personal name Blackwell, William A.
Relator term Author.
245 10 - TITLE STATEMENT
Title Introductory network theory /
Statement of responsibility, etc. William A. Blackwell, Leonard L. Grigsby.
264 ## - PRODUCTION, PUBLICATION, DISTRIBUTION, MANUFACTURE, AND COPYRIGHT NOTICE
Place of production, publication, distribution, manufacture Boston, Mass. :
Name of producer, publisher, distributor, manufacturer PWS Engineering,
Date of production, publication, distribution, manufacture, or copyright notice c1985.
300 ## - PHYSICAL DESCRIPTION
Extent xvi, 710 pages :
Other physical details illustration ;
Dimensions 25 cm.
336 ## - CONTENT TYPE
Content type term text
Content type code txt
Source rdacontent
337 ## - MEDIA TYPE
Media type term unmediated
Media type code n
Source rdamedia
338 ## - CARRIER TYPE
Carrier type term volume
Carrier type code nc
Source rdacarrier
500 ## - GENERAL NOTE
General note Includes index.
504 ## - BIBLIOGRAPHY, ETC. NOTE
Bibliography, etc. note Bibliography: pages 705-710.
541 ## - IMMEDIATE SOURCE OF ACQUISITION NOTE
Source of acquisition وزارة الثقافة ؛
Address القاهرة ؛
Method of acquisition إهداء ؛
Date of acquisition 2023.
650 #0 - SUBJECT ADDED ENTRY--TOPICAL TERM
Topical term or geographic name entry element Electric networks.
700 1# - ADDED ENTRY--PERSONAL NAME
Personal name Grigsby, Leonard L.
Relator term Author.
905 ## - Cataloger and Reviser Names
Cataloger Name Samah
942 ## - ADDED ENTRY ELEMENTS (KOHA)
Source of classification or shelving scheme Dewey Decimal Classification
Koha item type Books
Edition 21
Suppress in OPAC No
المقتنيات
Withdrawn status Lost status Source of classification or shelving scheme Damaged status Not for loan Home library Current library Date acquired Inventory number Total checkouts Full call number Barcode Date last seen Price effective from Koha item type
    Dewey Decimal Classification   Not for loan مكتبة جامعة القاهرة الاهلية قاعة الهندسة 14.05.2026 26   004.65 B5686 02010002600000 14.05.2026 14.05.2026 Books
Cairo University Libraries Portal Implemented & Customized by: Eng. M. Mohamady Contacts: new-lib@cl.cu.edu.eg | cnul@cl.cu.edu.eg
CUCL logo CNUL logo
© All rights reserved — Cairo University Libraries
CUCL logo
Implemented & Customized by: Eng. M. Mohamady Contact: new-lib@cl.cu.edu.eg © All rights reserved — New Central Library
CNUL logo
Implemented & Customized by: Eng. M. Mohamady Contact: cnul@cl.cu.edu.eg © All rights reserved — Cairo National University Library